| 000 | 00876pam a2200277 a 4500 | ||
|---|---|---|---|
| 001 | 2911321 | ||
| 003 | OSt | ||
| 005 | 20150408113746.0 | ||
| 008 | 880829s1989 nyua 001 0 eng c | ||
| 010 | _a 88028507 | ||
| 020 | _a9780443065927 | ||
| 040 |
_aDNLM/DLC _cDLC _dDLC |
||
| 050 | 1 | 0 |
_aRD598.5 _b.Z37 1989 |
| 060 | _aWG 17 Z37a | ||
| 082 | 0 | 0 |
_a617/.413 _219 |
| 100 | 1 |
_aZarins, Christopher K. _98889 |
|
| 245 | 1 | 0 |
_aAtlas of vascular surgery / _cChristopher K. Zarins, Bruce L. Gewertz ; illustrated by Kathy Hirsh. |
| 260 |
_aNew York : _bChurchill Livingstone, _c1989. |
||
| 300 |
_axvi, 208 p. : _bill. ; _c29 cm. |
||
| 440 | 0 |
_aSurgical practice illustrated _98889 |
|
| 500 | _aIncludes index. | ||
| 650 | 0 |
_aBlood-vessels _xSurgery _xAtlases. _98889 |
|
| 650 | 2 |
_aVascular Surgery _xatlases. _98889 |
|
| 700 | 1 |
_aGewertz, Bruce L. _98889 |
|
| 942 |
_2ddc _cBOOK |
||
| 999 |
_c3462 _d237962 |
||